[Event "Grand Pacific Open 11th annual"]
[Site "?"]
[Date "2017.04.??"]
[Round "3.5"]
[White "Murray, Mike"]
[Black "Babb, Jeff"]
[Result "1-0"]
[WhiteElo "2043"]
[BlackElo "2158"]
[PlyCount "181"]
[EventDate "2017.04.17"]
[SourceDate "2017.04.19"]

1. e4 d5 2. Nc3 d4 3. Nce2 e5 4. Ng3 Nf6 5. Nf3 Bd6 6. Bc4 O-O 7. d3 Nc6 8. a3
Qe7 9. O-O Be6 10. Ba2 Bxa2 11. Nf5 Qd7 12. Rxa2 Ne7 13. N3h4 g6 14. Nh6+ Kg7
15. Bg5 Nfg8 16. Nxg8 Nxg8 17. g4 Be7 18. Bxe7 Qxe7 19. Ng2 Nf6 20. Ra1 h5 21.
gxh5 Nxh5 22. f4 exf4 23. Qg4 Qe6 24. Qf3 Qe5 25. Nxf4 Nxf4 26. Qxf4 Rae8 27.
Qxe5+ Rxe5 28. Rf2 f6 29. Raf1 Rb5 30. b3 a5 31. a4 Rc5 32. Re1 Re8 33. Kf1 Re6
34. Ra1 Rec6 35. Ra2 Re5 36. Ra1 Rec5 37. Ra2 Re6 38. Ra1 b6 39. Rb1 Rec6 40.
Rb2 Kf7 41. Kg1 Ke6 42. Kg2 Rc3 43. Kg3 Rd6 44. Rb1 Rdc6 45. Rb2 Ke5 46. Kg4
Ke6 47. h4 R3c5 48. Ra2 Ke7 49. Rb2 Kf7 50. Ra2 Kg7 51. Rb2 Rd6 52. Rb1 Re5 53.
Rbf1 Rc6 54. Rg1 Rec5 55. Rgg2 Rd6 56. Kh3 c6 57. Rf5 Rxc2 58. Rxc2 gxf5 59.
exf5 Kh6 60. Re2 Rd5 61. Kg4 Rc5 62. Re4 Rc3 63. Rxd4 Rxb3 64. Rd6 Rb4+ 65. Kg3
c5 66. Rxf6+ Kg7 67. Rg6+ Kf7 68. h5 Rb3 69. Kf4 Rxd3 70. Rxb6 c4 71. Rc6 c3
72. h6 Rh3 73. Kg4 Rh2 74. Rxc3 Rxh6 75. Rc7+ Kf8 76. Kg5 Rb6 77. Ra7 Rc6 78.
Rxa5 Kf7 79. Ra7+ Kf8 80. a5 Rd6 81. a6 Rb6 82. f6 Rb1 83. Rh7 Rg1+ 84. Kf5
Rf1+ 85. Ke6 Re1+ 86. Kd5 Ra1 87. a7 Kg8 88. Rb7 Rd1+ 89. Kc4 Rc1+ 90. Kd3 Rd1+
91. Ke2 1-0

[Event "Grand Pacific Open 11th annual"]
[Site "?"]
[Date "2017.04.??"]
[Round "3.11"]
[White "Zhang, Eric"]
[Black "Chung, Alec"]
[Result "1-0"]
[WhiteElo "1892"]
[BlackElo "1698"]
[PlyCount "113"]
[EventDate "2017.04.17"]
[SourceDate "2017.04.19"]

1. d4 Nf6 2. c4 g6 3. f3 d5 4. cxd5 Nxd5 5. e4 Nb6 6. Nc3 Bg7 7. Be3 O-O 8. Qd2
N8d7 9. O-O-O c6 10. f4 Nf6 11. h3 Be6 12. Nf3 Bc4 13. Bd3 Qc7 14. Ne5 Bxd3 15.
Qxd3 Nfd7 16. Nxd7 Nxd7 17. g4 Rfd8 18. Qc2 Rac8 19. Kb1 Nb6 20. Ne2 a5 21. f5
h6 22. fxg6 fxg6 23. Nf4 Re8 24. Qb3+ Kh7 25. Ne6 a4 26. Qc3 Qd6 27. Nxg7 Kxg7
28. d5+ Kh7 29. Rhf1 Rf8 30. Rxf8 Rxf8 31. Bxb6 cxd5 32. Bc5 Qe6 33. exd5 Qe4+
34. Qd3 Qe5 35. Qe3 Qxe3 36. Bxe3 Rd8 37. Bc5 e5 38. d6 Rd7 39. Re1 b6 40. Bb4
h5 41. Rxe5 Rd8 42. Re7+ Kh6 43. d7 hxg4 44. hxg4 a3 45. bxa3 g5 46. Bd6 b5 47.
Bc7 Rf8 48. Re8 Rf1+ 49. Kc2 Rf2+ 50. Kd3 Rxa2 51. Re6+ Kg7 52. d8=Q Rxa3+ 53.
Kc2 Ra2+ 54. Kb3 Rf2 55. Qxg5+ Kf8 56. Bd6+ Kf7 57. Qg6# 1-0

[Event "Grand Pacific Open 11th annual"]
[Site "?"]
[Date "2017.04.??"]
[Round "3.2"]
[White "Wu, Howard"]
[Black "Patterson, Roger"]
[Result "1/2-1/2"]
[WhiteElo "2184"]
[BlackElo "2070"]
[PlyCount "39"]
[EventDate "2017.04.17"]
[SourceDate "2017.04.19"]

1. Nf3 d5 2. c4 c6 3. d4 Nf6 4. Nc3 dxc4 5. a4 Bf5 6. g3 e6 7. Bg2 Bb4 8. O-O
Nbd7 9. Bf4 O-O 10. Nd2 Nb6 11. Be5 a5 12. e4 Bg6 13. Qe2 Nfd7 14. Bf4 f6 15.
Nxc4 Nxc4 16. Qxc4 Bf7 17. Qe2 e5 18. dxe5 Nxe5 19. Rfd1 Qe7 20. Rd2 1/2-1/2

[Event "Grand Pacific Open 11th annual"]
[Site "?"]
[Date "2017.04.??"]
[Round "3.3"]
[White "Reeve, Jeff"]
[Black "Fratila, Adela"]
[Result "0-1"]
[WhiteElo "2323"]
[BlackElo "2038"]
[PlyCount "122"]
[EventDate "2017.04.17"]
[SourceDate "2017.04.19"]

1. e4 e6 2. d3 b6 3. Nf3 Bb7 4. g3 d5 5. Nbd2 Nc6 6. Bg2 Qd7 7. O-O O-O-O 8.
exd5 exd5 9. d4 f6 10. c3 g5 11. b4 h5 12. Re1 h4 13. a4 Nh6 14. Nf1 hxg3 15.
fxg3 a5 16. b5 Ne7 17. Qe2 Nef5 18. Qe6 Qxe6 19. Rxe6 Rd6 20. Re2 Rd8 21. Ne3
g4 22. Ne1 Re8 23. Raa2 Nxe3 24. Bxe3 Nf5 25. Bf4 Bd6 26. Nd3 c6 27. bxc6 Bxc6
28. Rxe8+ Rxe8 29. c4 Bxf4 30. Nxf4 Nxd4 31. cxd5 Bd7 32. Kf2 Nb3 33. Bf1 Re4
34. Bb5 Nc5 35. Nh5 Bxb5 36. axb5 f5 37. Nf6 Re5 38. h4 gxh3 39. Kf3 Kd8 40.
Rh2 Nd7 41. Nh5 Rxd5 42. Rxh3 Rxb5 43. Kf4 Ke7 44. Ng7 Kf6 45. Ne8+ Kg6 46. Rh1
Rb4+ 47. Kf3 Re4 48. Nd6 Re6 49. Nc8 Kg5 50. Rd1 Ne5+ 51. Kg2 Nc4 52. Rd4 b5
53. Na7 Ne3+ 54. Kf3 b4 55. Nb5 Ng4 56. Nd6 Re3+ 57. Kg2 Re2+ 58. Kg1 Ne5 59.
Kf1 Re3 60. Kf2 Rf3+ 61. Kg2 Rd3 0-1

[Event "Grand Pacific Open 11th annual"]
[Site "?"]
[Date "2017.04.??"]
[Round "3.7"]
[White "Gansvind, Valeria"]
[Black "Petrov, Oscar"]
[Result "1-0"]
[WhiteElo "2254"]
[BlackElo "1820"]
[PlyCount "79"]
[EventDate "2017.04.17"]
[SourceDate "2017.04.19"]

1. d4 Nf6 2. Bg5 e6 3. Nd2 d5 4. e3 c5 5. c3 Be7 6. Bd3 Nbd7 7. Ngf3 O-O 8. h3
Re8 9. O-O h6 10. Bf4 Nh7 11. Ne5 Nxe5 12. dxe5 f5 13. exf6 Bxf6 14. Bg6 Re7
15. Ne4 e5 16. Bg3 b6 17. Nxf6+ Nxf6 18. Bh4 Re6 19. Re1 Kh8 20. Bf7 Rd6 21.
Bxf6 gxf6 22. Qh5 Qf8 23. Rad1 Bb7 24. f4 Qg7 25. Bg6 Rg8 26. f5 Bc6 27. Rd2
Rdd8 28. Ree2 Be8 29. Bxe8 Rgxe8 30. Rxd5 Rxd5 31. Qxe8+ Kh7 32. Kh2 c4 33. Rf2
Rd3 34. Rf3 Qg8 35. Qe7+ Qg7 36. Qe6 Rd2 37. Rg3 Qf8 38. Rg6 Rxb2 39. Rxf6 Qg8
40. Rf7+ 1-0

[Event "Grand Pacific Open 11th annual"]
[Site "?"]
[Date "2017.04.??"]
[Round "2.4"]
[White "Fratila, Adela"]
[Black "Gansvind, Valeria"]
[Result "1-0"]
[WhiteElo "2038"]
[BlackElo "2254"]
[PlyCount "103"]
[EventDate "2017.04.17"]
[SourceDate "2017.04.19"]

1. b3 c6 2. Bb2 a5 3. e3 Nf6 4. f4 a4 5. bxa4 Rxa4 6. c4 Ra8 7. Nc3 d6 8. Nf3
g6 9. Bd3 Na6 10. a3 Bg7 11. O-O O-O 12. h3 Nc5 13. Bc2 Nfe4 14. d4 Nxc3 15.
Bxc3 Be6 16. Nd2 Na6 17. f5 Bd7 18. g4 e6 19. Qf3 exf5 20. gxf5 Qh4 21. Qg2
Rae8 22. Rf4 Qh6 23. Qg3 Bxf5 24. Bxf5 gxf5 25. Kh1 Re6 26. Rb1 Rg6 27. Qf3 Re8
28. e4 fxe4 29. Nxe4 d5 30. Nf2 f5 31. cxd5 Rd6 32. Rxb7 Rxd5 33. Nd1 Qe6 34.
Ra7 Nb8 35. Qg2 Nd7 36. Rf3 Kh8 37. Rg3 Qf7 38. Ne3 Rxe3 39. Rxe3 f4 40. Ra8+
Nf8 41. Ree8 f3 42. Qf2 Rg5 43. Bb4 Rg2 44. Bxf8 Rxf2 45. Bd6+ Bf8 46. Rxf8+
Qxf8 47. Rxf8+ Kg7 48. Kg1 Rg2+ 49. Kf1 Rg6 50. Bc5 Rg3 51. h4 Rh3 52. Rf4 1-0

[Event "Grand Pacific Open 11th annual"]
[Site "?"]
[Date "2017.04.??"]
[Round "4.1"]
[White "Sohal, Tanraj"]
[Black "Fratila, Adela"]
[Result "1/2-1/2"]
[WhiteElo "2370"]
[BlackElo "2038"]
[PlyCount "114"]
[EventDate "2017.04.17"]
[SourceDate "2017.04.19"]

1. d4 f5 2. c4 Nf6 3. Nc3 e6 4. Nf3 d5 5. g3 c6 6. Bg2 Bd6 7. O-O O-O 8. Qc2
Qe7 9. Rb1 b6 10. Ne5 Bb7 11. Bf4 a5 12. cxd5 Nxd5 13. Nxd5 cxd5 14. Nd3 Nd7
15. Bxd6 Qxd6 16. Qd2 Ba6 17. Nf4 g5 18. Nh3 h6 19. f4 g4 20. Nf2 Rfc8 21. Rfc1
Qf8 22. Nd1 Rxc1 23. Rxc1 Rc8 24. Nc3 Kg7 25. Kf2 Qb4 26. a3 Qc4 27. Rd1 Qc6
28. Qe3 Kf7 29. Rc1 Qa8 30. Rc2 Bc4 31. Nb1 Ba2 32. Nc3 Rc6 33. Rc1 Bc4 34. Na4
Qc8 35. Nc3 Kf6 36. Nd1 Ba6 37. Nc3 Bc4 38. Qd2 b5 39. Nd1 Qc7 40. Ne3 Kf7 41.
Rc2 Qb6 42. Rc3 Qc7 43. Qd1 a4 44. Qd2 Bb3 45. Qd3 Rxc3 46. Qxc3 Qxc3 47. bxc3
Nb6 48. Ke1 Nc4 49. Nxc4 bxc4 50. Kd2 h5 51. h3 Ke7 52. Ke3 Kd6 53. Kd2 Ke7 54.
e3 Kd6 55. hxg4 hxg4 56. Bf1 Ke7 57. Be2 Kd6 1/2-1/2

[Event "Grand Pacific Open 11th annual"]
[Site "?"]
[Date "2017.04.??"]
[Round "4.8"]
[White "Huang, Patrick"]
[Black "Reeve, Jeff"]
[Result "0-1"]
[WhiteElo "1931"]
[BlackElo "2323"]
[PlyCount "136"]
[EventDate "2017.04.17"]
[SourceDate "2017.04.19"]

1. e4 c5 2. Nf3 d6 3. d4 cxd4 4. Nxd4 Nf6 5. Nc3 g6 6. Be2 Bg7 7. O-O O-O 8.
Bg5 Nc6 9. Nb3 Be6 10. Kh1 Na5 11. f4 Nc4 12. f5 Nxb2 13. Qc1 Bc4 14. e5 Bxe2
15. Nxe2 Ne4 16. f6 exf6 17. exf6 Re8 18. Nc3 Nxg5 19. Qxg5 Rc8 20. Nd5 Re5 21.
Qd2 Nc4 22. Qd4 Bf8 23. Rad1 Rxd5 24. Qxd5 Ne3 25. Qxb7 Nxd1 26. Rxd1 Rxc2 27.
Qxa7 Qxf6 28. a4 Qe6 29. Nd4 Qg4 30. Rg1 Rc4 31. Rf1 Qf4 32. Nf3 Rxa4 33. Qd7
Ra2 34. h3 Qf6 35. Rb1 Ra1 36. Rxa1 Qxa1+ 37. Kh2 Qf6 38. Qc6 Bh6 39. Qc8+ Kg7
40. h4 Bf4+ 41. g3 Be3 42. Qc6 h6 43. Qe4 Bc5 44. Qd5 Qe6 45. Qd3 Qe3 46. Qxe3
Bxe3 47. Kg2 f5 48. Kf1 Kf6 49. Ke2 Bb6 50. Nh2 d5 51. g4 Bc7 52. g5+ hxg5 53.
hxg5+ Kxg5 54. Nf3+ Kf4 55. Nd4 Bb6 56. Ne6+ Kg3 57. Ng5 f4 58. Nf3 Be3 59. Ng5
Kg4 60. Nf3 Kf5 61. Nh4+ Kf6 62. Nf3 g5 63. Nh2 Kf5 64. Nf3 g4 65. Ne1 Ke4 66.
Kf1 d4 67. Ke2 f3+ 68. Kf1 d3 0-1

[Event "Grand Pacific Open 11th annual"]
[Site "?"]
[Date "2017.04.??"]
[Round "4.5"]
[White "Moore, Harry"]
[Black "Hemstapat, Andrew"]
[Result "1-0"]
[WhiteElo "2197"]
[BlackElo "2039"]
[PlyCount "100"]
[EventDate "2017.04.17"]
[SourceDate "2017.04.19"]

1. c4 Nf6 2. Nf3 g6 3. g3 Bg7 4. Bg2 O-O 5. O-O d6 6. Nc3 Nbd7 7. d4 e5 8. e4
Re8 9. Qc2 exd4 10. Nxd4 a6 11. h3 Rb8 12. Be3 c5 13. Nde2 Ne5 14. b3 b5 15. f4
Nc6 16. Rad1 Qc7 17. e5 dxe5 18. fxe5 Nxe5 19. Rxf6 Bxf6 20. Nd5 Qd6 21. cxb5
Nd7 22. Nxf6+ Qxf6 23. Bf4 Ne5 24. Nc3 Bf5 25. Nd5 Qg7 26. Qxc5 g5 27. Bd2 Rxb5
28. Qd6 Be6 29. Nc7 Rf8 30. Nxb5 axb5 31. Qc5 Rd8 32. Qe3 Rd3 33. Qe2 Rxg3 34.
Be1 Nf3+ 35. Qxf3 Rxf3 36. Rd8+ Qf8 37. Rxf8+ Kxf8 38. Bxf3 Bxh3 39. Bc6 Be6
40. Bxb5 h5 41. Bc4 Bxc4 42. bxc4 Ke7 43. a4 Kd6 44. a5 Kc6 45. Bd2 f6 46. Bc3
f5 47. Bf6 g4 48. Bg5 Kc7 49. c5 Kb8 50. Kg2 Kc7 1-0

[Event "Grand Pacific Open 11th annual"]
[Site "?"]
[Date "2017.04.??"]
[Round "4.2"]
[White "Patterson, Roger"]
[Black "Murray, Mike"]
[Result "0-1"]
[WhiteElo "2070"]
[BlackElo "2043"]
[PlyCount "62"]
[EventDate "2017.04.17"]
[SourceDate "2017.04.19"]

1. c4 Nc6 2. Nc3 e5 3. g3 d6 4. Bg2 f5 5. d3 Nf6 6. Nf3 Be7 7. O-O O-O 8. Rb1
Qe8 9. b4 Bd8 10. b5 Ne7 11. d4 e4 12. Ne1 d5 13. cxd5 Nexd5 14. Nxd5 Nxd5 15.
e3 Be6 16. Bd2 Nb6 17. f3 Bxa2 18. fxe4 Bxb1 19. Qxb1 fxe4 20. Rxf8+ Qxf8 21.
Bxe4 g6 22. Bxb7 Rb8 23. Qa2+ Kg7 24. Qxa7 Be7 25. Bc6 Bd6 26. e4 Nc4 27. Bf4
Bxf4 28. gxf4 Qxf4 29. Qxb8 Ne3 30. Nf3 Qxf3 31. Qxc7+ Kh6 0-1

[Event "Grand Pacific Open 11th annual"]
[Site "?"]
[Date "2017.04.??"]
[Round "4.10"]
[White "Zheng, Victor"]
[Black "Arjun, Thomas"]
[Result "1/2-1/2"]
[WhiteElo "1814"]
[BlackElo "1997"]
[PlyCount "79"]
[EventDate "2017.04.17"]
[SourceDate "2017.04.19"]

1. Nf3 c5 2. g3 Nf6 3. Bg2 e6 4. O-O Nc6 5. c4 Qc7 6. Nc3 a6 7. d4 cxd4 8. Nxd4
Be7 9. b3 O-O 10. Bb2 d6 11. e4 Bd7 12. Nc2 Rad8 13. Qe2 Rfe8 14. Rfe1 Ne5 15.
Ne3 b5 16. cxb5 axb5 17. f4 Nc6 18. Nxb5 Qb6 19. Kh1 Bc8 20. e5 dxe5 21. fxe5
Nd5 22. a4 Nxe3 23. Qxe3 Bc5 24. Qe4 Bb7 25. Ba3 Na5 26. Bxc5 Qxc5 27. Qe3
Bxg2+ 28. Kxg2 Qc2+ 29. Re2 Qxb3 30. Qxb3 Nxb3 31. Ra3 Nd4 32. Nxd4 Rxd4 33. a5
Ra8 34. a6 Rd7 35. Rb2 Rda7 36. Rb7 Kf8 37. Rxa7 Rxa7 38. Kf3 Ke7 39. Ke4 Kd7
40. Kd4 1/2-1/2

[Event "Grand Pacific Open 11th annual"]
[Site "?"]
[Date "2017.04.??"]
[Round "4.4"]
[White "Zhu, Brandon"]
[Black "Gansvind, Valeria"]
[Result "1-0"]
[WhiteElo "2066"]
[BlackElo "2254"]
[PlyCount "117"]
[EventDate "2017.04.17"]
[SourceDate "2017.04.20"]

1. Nf3 g6 2. d4 Bg7 3. g3 d6 4. Bg2 Nf6 5. c4 O-O 6. O-O c6 7. Nc3 Qa5 8. e4 e5
9. d5 c5 10. h3 a6 11. Be3 b5 12. Nd2 Nh5 13. a4 b4 14. Na2 Qd8 15. Nc1 Qe8 16.
Bf3 Bxh3 17. Bxh5 gxh5 18. Qxh5 Bxf1 19. Kxf1 Nd7 20. g4 f6 21. Qf5 Nb6 22. a5
Nc8 23. Ne2 Qg6 24. Ng3 Qxf5 25. exf5 Rf7 26. b3 Bf8 27. Nde4 Be7 28. Nh5 Bd8
29. Bh6 Kh8 30. Ke2 Raa7 31. Kd3 Rad7 32. Kc2 Be7 33. Rh1 Rd8 34. Kd2 Rg8 35.
f3 Bd8 36. Ra1 Be7 37. Be3 Rff8 38. Bf2 Rf7 39. Ke2 Rgf8 40. Bh4 Bd8 41. Rh1
Kg8 42. Ke3 Kh8 43. f4 Kg8 44. Kf3 Kh8 45. fxe5 fxe5 46. Bxd8 Rxd8 47. Ng5 Rdf8
48. Ke4 Ne7 49. Nf6 Rxf6 50. Rxh7+ Kg8 51. Rxe7 Rh6 52. Re6 Rh1 53. Rg6+ Kh8
54. Nf3 Rb1 55. Rxd6 Rxb3 56. Nxe5 Ra8 57. f6 Rb1 58. Rd7 Rf1 59. Ng6+ 1-0

[Event "Grand Pacific Open 11th annual"]
[Site "?"]
[Date "2017.04.??"]
[Round "4.7"]
[White "North, Robert"]
[Black "Zhang, Eric"]
[Result "1-0"]
[WhiteElo "1974"]
[BlackElo "1892"]
[PlyCount "89"]
[EventDate "2017.04.17"]
[SourceDate "2017.04.20"]

1. d4 Nf6 2. c4 c5 3. d5 e6 4. Nc3 exd5 5. cxd5 d6 6. g3 g6 7. Bg2 Bg7 8. Nf3
O-O 9. O-O Re8 10. h3 Na6 11. Nd2 Nc7 12. a4 b6 13. Re1 Bb7 14. Nc4 Ba6 15. Na3
Qd7 16. Qb3 Bb7 17. Bd2 Rac8 18. e4 Na6 19. Ncb5 c4 20. Qc2 Nc5 21. Nxc4 Bf8
22. Nxa7 Ncxe4 23. Nxc8 Qf5 24. Bf4 Rxc8 25. Rxe4 Qxd5 26. Qe2 Nxe4 27. Bxe4
Qxe4 28. Qxe4 Bxe4 29. Nxb6 Rc6 30. a5 d5 31. Rd1 Bf3 32. Rd3 Be4 33. Rd1 Bf3
34. Rc1 Re6 35. Be3 Bb4 36. a6 d4 37. Bxd4 f6 38. Be3 Rd6 39. a7 Rd8 40. Rc8
Rxc8 41. Nxc8 Ba5 42. b4 Bc7 43. b5 Bb7 44. b6 Be5 45. f4 1-0

[Event "Grand Pacific Open 11th annual"]
[Site "?"]
[Date "2017.04.??"]
[Round "4.3"]
[White "Cao, Jason"]
[Black "Wu, Howard"]
[Result "1-0"]
[WhiteElo "2414"]
[BlackElo "2184"]
[PlyCount "103"]
[EventDate "2017.04.17"]
[SourceDate "2017.04.20"]

1. e4 c5 2. Nf3 g6 3. d4 cxd4 4. Nxd4 Nc6 5. Nc3 Bg7 6. Be3 Nf6 7. Bc4 O-O 8.
Bb3 Qa5 9. O-O d6 10. h3 Bd7 11. f4 Nxd4 12. Bxd4 Bc6 13. Qd3 Nd7 14. Bxg7 Kxg7
15. Rf2 Nc5 16. Qd4+ Kg8 17. Bd5 Qb6 18. b3 Na4 19. Qxb6 Nxb6 20. Bxc6 bxc6 21.
Rd1 Rac8 22. Rfd2 f5 23. g3 fxe4 24. Nxe4 Nd5 25. c4 Ne3 26. Re1 Nf5 27. Kg2 h6
28. g4 Ng7 29. Kg3 Rf7 30. c5 d5 31. Nf2 Ne8 32. Re6 Nf6 33. Rd4 Nd7 34. b4 Nf8
35. Re2 Nd7 36. h4 Kg7 37. g5 hxg5 38. hxg5 e5 39. fxe5 Rf5 40. e6 Ne5 41. Nh3
Re8 42. Rf4 Rxe6 43. Rxf5 gxf5 44. Nf4 Re7 45. b5 cxb5 46. Nxd5 Re6 47. c6 Rxc6
48. Rxe5 Ra6 49. Rxf5 Rxa2 50. Nf4 b4 51. Ne6+ Kg8 52. g6 1-0

[Event "Grand Pacific Open 11th annual"]
[Site "?"]
[Date "2017.04.??"]
[Round "4.9"]
[White "Babb, Jeff"]
[Black "Li, James"]
[Result "1/2-1/2"]
[WhiteElo "2158"]
[BlackElo "1647"]
[Annotator ",roger"]
[PlyCount "100"]
[EventDate "2017.04.17"]
[SourceDate "2017.04.20"]

1. f4 d5 2. e3 g6 3. Nf3 Bg7 4. Be2 c5 5. O-O Nc6 6. d3 Nf6 7. Nc3 d4 8. Ne4 b6
9. Nxf6+ exf6 10. e4 f5 11. e5 O-O 12. c4 Bb7 13. a3 Qc7 14. Bd2 a5 15. b3 f6
16. exf6 Bxf6 17. Qe1 Rfe8 18. Qf2 Nd8 19. Rfe1 Ne6 20. Qg3 Ng7 21. Ng5 h6 22.
Nh3 Kh7 23. Bf3 Rxe1+ 24. Rxe1 Re8 25. Bxb7 Qxb7 26. Rxe8 Nxe8 27. Qe1 Qe7 28.
Kf1 Kg7 29. Qxe7+ Bxe7 30. Ke2 Kf7 31. Ng1 g5 32. Nf3 g4 33. Ne1 h5 34. Nc2 Nc7
35. b4 axb4 36. axb4 Ne6 37. g3 Bd6 38. bxc5 bxc5 39. Na3 h4 40. Kf2 h3 41. Nb5
Bb8 42. Na3 Ke7 43. Nc2 Kd7 44. Na1 Kc6 45. Nb3 Bd6 46. Bc1 Be7 47. Kg1 Nf8 48.
Kh1 Nd7 49. Bb2 Nb6 50. Bxd4 cxd4 {x moves} 1/2-1/2

[Event "Grand Pacific Open 11th annual"]
[Site "?"]
[Date "2017.04.??"]
[Round "4.6"]
[White "Bashkansky, Naomi"]
[Black "Kostadinov, Georgi"]
[Result "0-1"]
[WhiteElo "2018"]
[BlackElo "2048"]
[PlyCount "156"]
[EventDate "2017.04.17"]
[SourceDate "2017.04.20"]

1. d4 d5 2. c4 c6 3. e3 Nf6 4. Nf3 a6 5. Bd3 Bg4 6. Nbd2 e6 7. b3 Nbd7 8. Qc2
Bxf3 9. Nxf3 Be7 10. O-O O-O 11. Bb2 g6 12. c5 Re8 13. b4 Bf8 14. a4 e5 15.
Nxe5 Nxe5 16. dxe5 Ng4 17. Qc3 Bg7 18. f4 Qh4 19. h3 Nxe3 20. Rf3 Nc4 21. Bxc4
dxc4 22. Rc1 Rad8 23. Qxc4 Rd5 24. Bd4 Red8 25. Bf2 Qe7 26. Kh2 h5 27. Rcc3 g5
28. g3 Rd2 29. Kg2 R8d5 30. Rfd3 Qd7 31. Rxd2 Rxd2 32. fxg5 Bxe5 33. Rc2 Rd1
34. Qe2 Qd5+ 35. Qf3 Kg7 36. Qxd5 Rxd5 37. Rc4 Kg6 38. h4 Kf5 39. Be3 Rd3 40.
Bf4 Bd4 41. Bd6 Ke4 42. Rc1 Rb3 43. Rf1 Rb2+ 44. Kh3 Bf2 45. Bf4 Kf3 46. a5
Rxb4 47. Bd2 Re4 48. Bf4 Re1 49. Rxe1 Bxe1 50. Bc7 Bf2 51. Bd6 Bd4 52. Be7 Bc3
53. Bd8 Be5 54. Be7 Bxg3 55. Bd6 Be1 56. Bc7 Bf2 57. Bd6 Ke4 58. Be7 Be1 59.
Bd8 Kd5 60. Kg2 Kxc5 61. Kf3 Kd5 62. Kf4 Ke6 63. g6 fxg6 64. Ke4 Bb4 65. Kd4
Bd6 66. Kc4 Kd7 67. Bg5 Bc7 68. Bd2 b6 69. axb6 Bxb6 70. Kb4 Ke6 71. Kc4 Kf5
72. Bg5 Kg4 73. Kb4 Bf2 74. Ka5 c5 75. Kxa6 c4 76. Kb5 Bxh4 77. Bd2 Bg5 78. Bc3
h4 0-1

[Event "Grand Pacific Open 11th annual"]
[Site "?"]
[Date "2017.04.??"]
[Round "5.6"]
[White "Gansvind, Valeria"]
[Black "North, Robert"]
[Result "1/2-1/2"]
[WhiteElo "2254"]
[BlackElo "1974"]
[PlyCount "194"]
[EventDate "2017.04.17"]
[SourceDate "2017.04.20"]

1. d4 Nf6 2. Nf3 g6 3. g3 Bg7 4. Bg2 O-O 5. O-O d5 6. Ne5 Nbd7 7. c4 c6 8. Nc3
e6 9. f4 Qb6 10. e3 Rd8 11. c5 Qc7 12. Qc2 Rf8 13. Bd2 Nxe5 14. dxe5 Nd7 15.
Rac1 Kh8 16. Ne2 Re8 17. Kh1 Nf8 18. b4 a6 19. Bc3 Qe7 20. Qb2 h6 21. a4 Bd7
22. Bd4 Nh7 23. Rcd1 Bf8 24. Nc3 Kg8 25. h4 Reb8 26. Rb1 Bg7 27. Bf3 Nf8 28.
Be2 h5 29. Ra1 Qd8 30. Nb1 Be8 31. Nd2 Qc8 32. Nf3 Bh6 33. Bd3 Qd7 34. Rfb1 Kh7
35. Qe2 Kg8 36. Kg2 Nh7 37. Rh1 Qe7 38. Rab1 Rc8 39. Ng5 f5 40. exf6 Nxf6 41.
Nf3 Nd7 42. Ne5 Nxe5 43. Bxe5 Bg7 44. Bd6 Qf7 45. e4 Bd7 46. e5 Be8 47. Rb2 Rd8
48. Rhb1 Rd7 49. b5 axb5 50. axb5 Bf8 51. b6 Rdd8 52. Ra2 Bxd6 53. exd6 Qf6 54.
Rba1 Rab8 55. Re1 Bf7 56. Qe5 Kg7 57. Ra7 Rd7 58. Kf3 Qxe5 59. Rxe5 Kf6 60. g4
hxg4+ 61. Kxg4 Be8 62. Rg5 Rg7 63. Kg3 Rd7 64. Ra1 Rg7 65. Be2 Bd7 66. Bg4 Re8
67. Re5 Rgg8 68. Kf3 Ra8 69. Ree1 Rxa1 70. Rxa1 Rb8 71. Ra7 Bc8 72. Ke3 Bd7 73.
Be2 e5 74. fxe5+ Kxe5 75. Ra4 Bf5 76. Bg4 Ke6 77. Bxf5+ gxf5 78. Kf4 Rg8 79.
Ra7 Rg4+ 80. Kf3 Rg7 81. Ra8 d4 82. Re8+ Kd5 83. Re7 Rg8 84. Rxb7 Kxc5 85. d7
Rd8 86. Kf4 Kd6 87. Kxf5 d3 88. Ra7 d2 89. Ra1 Kxd7 90. Rd1 Kc8 91. Ke4 Kb7 92.
Ke3 Rh8 93. Rxd2 Rxh4 94. Rb2 Rh5 95. Kd4 Rh4+ 96. Kc5 Rh5+ 97. Kc4 Rh4+
1/2-1/2

[Event "Grand Pacific Open 11th annual"]
[Site "?"]
[Date "2017.04.??"]
[Round "5.10"]
[White "Zhou, Aiden"]
[Black "Zheng, Victor"]
[Result "1-0"]
[WhiteElo "1907"]
[BlackElo "1814"]
[PlyCount "139"]
[EventDate "2017.04.17"]
[SourceDate "2017.04.20"]

1. d4 Nf6 2. Bg5 d5 3. Nd2 Nbd7 4. Ngf3 e6 5. e3 c5 6. c3 Bd6 7. Bd3 Qc7 8. O-O
O-O 9. e4 dxe4 10. Nxe4 Nxe4 11. Bxe4 h6 12. Be3 Nf6 13. Bc2 Rd8 14. Qe2 Ng4
15. h3 Nxe3 16. fxe3 b6 17. e4 Bb7 18. e5 Bf8 19. Rac1 a5 20. Rfd1 Rac8 21. h4
h5 22. Ng5 g6 23. Rf1 Rd7 24. Bb3 c4 25. Bc2 Bh6 26. Rce1 Qd8 27. Rf6 Bxg5 28.
hxg5 Kg7 29. Qe3 b5 30. Be4 Qc7 31. Kf2 Bxe4 32. Qxe4 Qb7 33. Qc2 b4 34. Rb1 b3
35. axb3 Qxb3 36. Qxb3 cxb3 37. Ra1 Ra8 38. Ra4 Kf8 39. Ke3 Rb7 40. Rf1 Ke7 41.
Rfa1 Rb5 42. c4 Rb7 43. Rxa5 Rxa5 44. Rxa5 Kd7 45. Kd3 h4 46. Ra3 Rb8 47. Ra7+
Kc6 48. Rxf7 Rh8 49. Rf6 h3 50. Rxe6+ Kc7 51. gxh3 Rxh3+ 52. Kd2 Rh4 53. Kc3
Rh3+ 54. Kb4 Rd3 55. d5 Re3 56. Rxg6 Rxe5 57. Kxb3 Re3+ 58. Kb4 Kd7 59. Kc5 Rb3
60. Rb6 Rg3 61. g6 Kc7 62. Rc6+ Kd7 63. b4 Kd8 64. b5 Kd7 65. b6 Rb3 66. g7 Rg3
67. b7 Rxg7 68. b8=Q Ke7 69. Re6+ Kf7 70. Qe8# 1-0

[Event "Grand Pacific Open 11th annual"]
[Site "?"]
[Date "2017.04.??"]
[Round "5.3"]
[White "Kostadinov, Georgi"]
[Black "Cao, Jason"]
[Result "0-1"]
[WhiteElo "2084"]
[BlackElo "2414"]
[PlyCount "94"]
[EventDate "2017.04.17"]
[SourceDate "2017.04.20"]

1. d4 Nf6 2. c4 e6 3. g3 d5 4. Nf3 Bb4+ 5. Bd2 Be7 6. Bg2 O-O 7. Qc2 c6 8. O-O
b6 9. Rd1 Ba6 10. Ne5 Nfd7 11. b3 Nxe5 12. dxe5 Nd7 13. Bc3 Qc7 14. f4 Rac8 15.
Nd2 b5 16. Bd4 bxc4 17. bxc4 Nb6 18. e3 Nxc4 19. Nxc4 Bxc4 20. e4 Qa5 21. Kh1
Bc5 22. Bc3 Qa6 23. f5 Rfd8 24. Qd2 d4 25. Ba5 Rd7 26. f6 g6 27. Bb4 Bxb4 28.
Qxb4 Qb5 29. Rab1 a5 30. Qd2 Qxe5 31. Rdc1 Ba6 32. Rb6 Bb5 33. Qh6 Qxf6 34.
Rxb5 d3 35. Qd2 Qd4 36. Rbc5 Rb8 37. Rxc6 Rb2 38. Qh6 d2 39. Rc8+ Rd8 40. Rxd8+
Qxd8 41. Rd1 Rb1 42. Bf3 Qd3 43. Kg2 Rxd1 44. Bxd1 Qxe4+ 45. Kh3 Qe1 46. Bf3
Qf1+ 47. Bg2 Qf5+ 0-1

[Event "Grand Pacific Open 11th annual"]
[Site "?"]
[Date "2017.04.??"]
[Round "5.7"]
[White "Tian, Sherry"]
[Black "Babb, Jeff"]
[Result "0-1"]
[WhiteElo "1818"]
[BlackElo "2158"]
[PlyCount "146"]
[EventDate "2017.04.17"]
[SourceDate "2017.04.20"]

1. d4 Nf6 2. Nf3 c5 3. e3 g6 4. Be2 Bg7 5. O-O cxd4 6. exd4 O-O 7. c3 b6 8. h3
Bb7 9. Bf4 d6 10. Nbd2 Na6 11. a4 Nc7 12. Qb3 Ne6 13. Bh2 Rb8 14. Bc4 Nc7 15.
Rfe1 Bd5 16. Bxd5 Ncxd5 17. Ne4 Nxe4 18. Qxd5 Nf6 19. Qb3 Qc7 20. Re2 Rfe8 21.
Rae1 h6 22. Nd2 Bf8 23. Ne4 Nxe4 24. Rxe4 Rec8 25. Qc2 Qc6 26. Bg3 Rb7 27. Bh4
d5 28. R4e3 Rcc7 29. f4 b5 30. axb5 Qxb5 31. R1e2 e6 32. Bf6 Qb3 33. Qd2 a5 34.
Rg3 Bg7 35. Bxg7 Kxg7 36. Qe3 Qd1+ 37. Kh2 Qb1 38. h4 Qf5 39. Qe5+ Qxe5 40.
fxe5 Rb3 41. Rd3 a4 42. Rc2 a3 43. bxa3 Rxa3 44. Kg3 Rc4 45. Rf3 Kf8 46. Kf2
Ra7 47. Ke3 Rac7 48. Kd2 h5 49. Rb2 Kg7 50. Ra2 Rb7 51. Kc2 Rbc7 52. Kd2 Rb7
53. Kc2 Rcc7 54. Ra3 Rb4 55. Rf4 Rb8 56. Rb3 Ra8 57. Kb2 Rca7 58. Rb5 Ra2+ 59.
Kb3 R8a3+ 60. Kb4 Ra7 61. Kc5 Rxg2 62. Kd6 Rg4 63. Rf3 Rxh4 64. Rc5 Re4 65. Rc7
Rxc7 66. Kxc7 g5 67. Kd6 Rf4 68. Rd3 g4 69. Kc5 Rf3 70. Rd2 Rxc3+ 71. Kb4 Rf3
72. Rh2 Kg6 73. Kc5 Kg5 0-1

[Event "Grand Pacific Open 11th annual"]
[Site "?"]
[Date "2017.04.??"]
[Round "5.12"]
[White "Su, Michael"]
[Black "Huang, Patrick"]
[Result "1-0"]
[WhiteElo "1913"]
[BlackElo "1931"]
[PlyCount "55"]
[EventDate "2017.04.17"]
[SourceDate "2017.04.20"]

1. d4 Nf6 2. c4 c5 3. d5 b5 4. cxb5 a6 5. bxa6 g6 6. Nc3 Bxa6 7. g3 d6 8. Bg2
Nbd7 9. Nf3 Bg7 10. Rb1 Qc7 11. O-O O-O 12. b3 Bb7 13. Bb2 Nb6 14. e4 Rfd8 15.
Qc2 e6 16. dxe6 fxe6 17. Rfe1 d5 18. e5 Nfd7 19. Nb5 Qc6 20. a4 c4 21. Nfd4 Qc8
22. Nd6 Qb8 23. Nxe6 cxb3 24. Qxb3 Nc4 25. Nxd8 Na5 26. Bxd5+ Kf8 27. Qf3+ Ke7
28. N8xb7 1-0